| 000 | | | 03937cbm0a2200265#x 450 |
| 001 | | | 5d43c2dd-401b-423c-aa3a-44d14f90f61f |
| 005 | | | 20200427114812.0 |
| 100 | ## | $a | 20200427j19351024k###0rusy50 ca |
| 101 | 0# | $a | rus |
| 102 | ## | $a | RU |
| 122 | 0# | $a | d19351024## |
| 200 | 1# | $a | Служебная записка начальника РУ РККА С. П. Урицкого наркому внутренних дел СССР Г. Г. Ягоде с приложением агентурного донесения о подготовке Германии к нападению на СССР |
| | $j | 24 октября 1935 г. |
| 251 | ## | $c | Документ |
| 300 | ## | $a | Служебная записка – подлинник, агентурное донесение – заверенная копия |
| 461 | #0 | $1 | 2001 |
| | $a | Ф. 3 |
| | $1 | 251 |
| | $c | Фонд |
| | $1 | 852 |
| | $j | 3 |
| 462 | #0 | $1 | 2001 |
| | $a | Оп. 2 |
| | $1 | 251 |
| | $c | Опись |
| | $1 | 852 |
| | $j | 2 |
| 462 | #0 | $1 | 2001 |
| | $a | Д. 846 |
| | $v | Л. 132–134 |
| | $1 | 251 |
| | $c | Дело |
| | $1 | 852 |
| | $j | 846 |
| 605 | ## | $2 | prlib_sh |
| | $3 | LIBNET\UAF\0000088514 |
| | $a | Вторая мировая война в архивных документах (Комплекс оцифрованных архивных документов, кино- и фотоматериалов) |
| | $l | коллекция |
| 617 | ## | $a | СССР |
| | $f | 1935 |
| | $2 | prlib_sh |
| 617 | ## | $a | Германия |
| | $f | 1935 |
| | $2 | prlib_sh |
| 801 | #0 | $a | RU |
| | $b | ПБ им. Б.Н. Ельцина |
| | $c | 20200427 |
| 801 | #1 | $a | RU |
| | $b | ПБ им. Б.Н. Ельцина |
| | $c | 20200427 |
| | $2 | rusmarc |
| 801 | #2 | $a | RU |
| | $b | ПБ им. Б.Н. Ельцина |
| | $c | 20200427 |
| | $2 | rusmarc |
| 850 | ## | $a | Центральный архив Федеральной службы безопасности России |
| 852 | ## | $a | ЦА ФСБ России |
| | $j | Л. 132–134 |
| 035 | ## | $a | LIBNET\0001070359 |
| 937 | ## | $d | 144187022 |
| | $h | Центральный архив Федеральной службы безопасности России |
| 856 | 4# | $u | http://readingroom.main.prlib.ru/item.aspx?id_node=n144187022&mode=full |